Länder mit der höchsten Inflation seit 2015 - Statistiken

Allgemein
  • Dieses Quiz wurde 12 mal gespielt
  • Das Durchschnittsergebnis liegt bei 7 aus 20
Antwortstatistiken
Bewertung Land % Korrekt
984% Türkei
83%
7.594% Argentinien
75%
1.512.000% Simbabwe
75%
1.173% Iran
58%
77.300% Sudan
58%
428% Nigeria
50%
40.200% Südsudan
50%
347% Ägypten
42%
495% Äthiopien
42%
651% Angola
33%
424% Ghana
33%
410% Malawi
33%
496% Haiti
17%
756% Jemen
17%
7.011% Libanon
17%
250% Myanmar
17%
260% Ukraine
17%
490% Sierra Leone
8%
271% DR Kongo
0%
1.235% Suriname
0%
Keine übereinstimmenden Quizze gefunden
Verteilung der Resultate
Anzahl Personen mit jedem Resultat
Perzentil nach korrekt beantworteten Fragen
Ihre Resultats-Entwicklung
Sie haben dieses Quiz noch nicht gespielt